| 000 | 01072 a2200325 4500 | ||
|---|---|---|---|
| 999 |
_c200130993 _d30300 |
||
| 001 | 200130993 | ||
| 003 | TR-AnTOB | ||
| 005 | 20230826001023.0 | ||
| 008 | 131208s2012 tu 000 0 d | ||
| 020 | _a9789752676060 | ||
| 040 |
_aTR-AnTOB _btur _erda _cTR-AnTOB |
||
| 041 | _atur | ||
| 050 | 1 | 4 |
_aKKX2070 _b.T86t 2012 |
| 090 |
_aKKX2070 _b.T86t 2012 |
||
| 100 | 1 |
_aTunç, Hasan _994567 |
|
| 245 | 1 | 0 |
_aTürkiye’de anayasa yenileme süreci ve temel sorunlar / _cHasan Tunç ; Genel yayın yönetmeni Cuma Ağca ; Grafik-tasarım Nihal Özgen ; Kapak tasarım Mehmet Fidancı. |
| 264 | 1 |
_aAnkara: _bBerikan Yayınevi , _c2012. |
|
| 300 |
_a280 sayfa ; _c22 cm. |
||
| 336 |
_atext _btxt _2rdacontent |
||
| 337 |
_aunmediated _bn _2rdamedia |
||
| 338 |
_avolume _bnc _2rdacarrier |
||
| 505 | _aİÇİNDEKİLER | ||
| 650 | 0 |
_aConstitutional law _zTurkey _xTurkey _974257 |
|
| 650 | 0 |
_aAnayasa hukuku _zTürkiye _9116005 |
|
| 700 | 1 |
_aFidancı, Mehmet _994568 |
|
| 700 | 1 |
_aÖzgen, Nihal _994569 |
|
| 700 |
_aAğca, Cuma _994570 |
||
| 942 |
_cBK _2lcc |
||